000 00691nam a2200253Ia 4500
003 OSt
005 20220923220637.0
006 a|||||r|||| 00| 0
007 ta
008 220922b |||||||| |||| 00| 0 hin d
024 _a188,280
037 _cTextual
040 _aARTS
_cARTS
_bhin
041 _2hin
_ahin
082 _aV5:1:N, 152F6.1
245 0 _aयूरोप का इतिहास
246 _aYūrop kā itihāsa
260 _c1926
300 _a369
_ccm.
490 _aसस्ती प्रकीर्ण-माला; 9
650 _aयूरोप-इतिहास
942 _hV5:1:N, 152F6.1
_cTEXL
_2CC
999 _c341356
_d341356